| 000 | 00402nam a2200157Ia 4500 | ||
|---|---|---|---|
| 008 | 230312s9999||||xx |||||||||||||| ||und|| | ||
| 020 | _a0-87692-207-8 | ||
| 082 |
_a651.3 _bROB |
||
| 100 | _aRobbins Stephen P | ||
| 245 | 0 | _aAdministative Process | |
| 260 |
_bPrentice_Hall _aIndia _c1985 |
||
| 300 | _a460 | ||
| 546 | _aEng. | ||
| 650 |
_aManagement _vadministration,a point of departure |
||
| 942 | _cBK | ||
| 999 |
_c1291 _d1291 |
||